000 00535nam a2200169 a 4500
001 3790
005 20140414131911.0
008 061012s19uu xx 00 eng d
050 _aER
_bD65 1992
100 _aBruno, Elsa Knight
245 _aDown at the rabbit hole :
_ba treasury collection pop-up book /
_cretold by Elsa Knight Bruno ; illustrated by Samantha Smith.
260 _aColombia :
_bOttenheimer,
_c1992.
300 _ap. ; ill. ; cm.
650 _aRabbits
_xFiction.
650 _aChildren stories.
999 _c111206
_d111206